000 00536nam a2200193Ia 4500
999 _c14721
_d14721
003 OSt
005 20201022125458.0
008 190216s9999||||xx |||||||||||||| ||und||
020 _a9789350293478
040 _coclc
082 _a954.05092
_bKAL/T
100 _aKalam, A P J Abdul
_92031
245 0 _aTurning Points /
_cA P J Abdul Kalam
250 _a1st Ed.
260 _bHarper Collins,
_c2012.
_aLondon:
300 _a182p
650 _aEnglish
942 _cBK
_2ddc
_h954.05092
_iKAL/T
_k954.05092
_mKAL/T